| 000 | 00414nab a2200145Ia 4500 | ||
|---|---|---|---|
| 003 | ES-SlBCS | ||
| 005 | 20210601131726.0 | ||
| 008 | 140529s1951 xxu||||| |||| 00| 0 fre d | ||
| 041 | _afre | ||
| 100 | 1 |
_aLuzy, Georges _9188323 |
|
| 245 | 0 | 0 |
_aRencontres franco-tunisiennes? _c Georges Luzy |
| 651 | 4 |
_aFrancia-Túnez _9188331 |
|
| 773 | 0 |
_tVie Intelectuelle (La) _gnº. 12, 1951, págs. 93-96 _wRev907 |
|
| 942 | _cAR | ||
| 999 |
_c567697 _d567697 |
||